000 00269nam a22001217a 4500
008 170714b xxu||||| |||| 00| 0 eng d
041 _aeng
080 _a16
100 _a23
101 _aFIL
245 _aWOMEN RELIGION SOCIAL CHANGE
_cHADAD.Y.Y
942 _2udc
_cBK
999 _c20728
_d20728